000 00279nam a22001217a 4500
008 180731b xxu||||| |||| 00| 0 eng d
082 _a813.52
245 _aMarketing PlanPro
_cPrenhall
260 _c2003, 2004
300 _a1
_fCD
440 _x9780131485266
942 _2ddc
_cMX
999 _c46691
_d46691